| 000 | 00505nam a22001697a 4500 | ||
|---|---|---|---|
| 003 | OSt | ||
| 005 | 20201125063934.0 | ||
| 008 | 090818s2008 ua|||||r|||| 00| f ara d | ||
| 020 | _a9789770924173 | ||
| 040 | _aEG-ScBUE | ||
| 082 | 0 | 0 |
_a892.737 _bغ ي ط _222 |
| 100 |
_913713 _aالغيطاني، جمال |
||
| 245 |
_aهاتف المغيب / _cجمال الغيطاني |
||
| 260 |
_aالقاهرة: _bدار الشروق،2008 _c2008 |
||
| 300 |
_a301 ص؛ _c18 سم |
||
| 942 |
_2ddc _cBB _k892.737 غ ي ط |
||
| 999 |
_c12634 _d12634 |
||